000
00511nam a2200181Ia 4500
008
090123s9999 xx 000 0 und d
082
_b
37180
100
_a
कप्तान संजय
245
_a
कलम कसाई
250
_a
0
260
_b
देशमुख आणि मंडळी
300
_a
138
600
_a
कप्तान संजय
630
_a
कलम कसाई
700
_a
कप्तान संजय
730
_a
कलम कसाई
942
_c
BOOK
999
_c
75247
_d
75247